Sports Quiz

Random Sports or NHL Quiz

Montreal Canadiens Retired Numbers Quiz Stats

 Plays Quiz Updated Feb 7, 2020

Support Sporcle.
Go Orange.
Score 0/18 Timer 04:00
0 Plays Today
# Name % Correct
9Maurice Richard
91.2%
33Patrick Roy
90.5%
16Henri Richard
90.2%
10Guy Lafleur
80.2%
29Ken Dryden
70.6%
4Jean Beliveau
68.3%
1Jacques Plante
68.1%
19Larry Robinson
64.2%
23Bob Gainey
52.7%
# Name % Correct
18Serge Savard
50.9%
2Doug Harvey
46.9%
5Bernard Geoffrion
46.6%
7Howie Morenz
45.7%
5Guy Lapointe
44.4%
12Yvan Cournoyer
43.5%
12Dickie Moore
33.9%
16Elmer Lach
23.6%
3Emile Bouchard
21.3%

From the Vault

Dutch Words You Probably Know

by markassonne

Waffles are kind of like pancakes with abs.
Remove Ads.
Support Sporcle.
Get the best of Sporcle when you Go Orange. This ad-free experience offers more features, more stats, and more fun while also helping to support Sporcle. Thank you for becoming a member.

Show Comments

Extras

Top Quizzes Today


Score Distribution

Your Account Isn't Verified!

In order to create a playlist on Sporcle, you need to verify the email address you used during registration. Go to your Sporcle Settings to finish the process.

Report this User

Report this user for behavior that violates our Community Guidelines.

Details: